00266nam a2200109Ia 4500003000400000005001700004008004100021020001800062040002700080100001800107245003100125OSt20240202161308.0170524s9999 xx 000 0 und d a9788120308596 cIIMT UNIVERSITY MEERUT aRAJARAMAN- V. 0aCOMPUTER PROGRAMMING IN C